000 00933cad a22002175a 4500
001 E149900
008 100512s2010 xxk f s000 0 eng d
020 _a9780755993529
035 _a(Sirsi) u149900
041 0 _aeng
110 2 _aScotland
_bScottish Government
_95344
245 0 0 _aWildlife and Natural Environment Bill
_bconsultation report
_h[electronic resource]
260 _aEdinburgh
_bScottish Government
_c2010
520 _aFollowing the consultation which took place into the proposed Wildlife and Natural Environment Bill and the responses received to it (see E147907), this report outlines how the Scottish Government will proceed with the issue.
521 _aAdvanced
590 _aKA
651 4 _aScotland
_y1999-
690 _aENVIRONMENTAL AND LAND CONSULTANCY
856 4 0 _uhttps://www.scotland.gov.uk/Publications/2010/05/11155724/0
_zView the report free of charge at www.scotland.gov.uk
942 _n0
999 _c110676
_d110676